Useimmin arvatut pääkaupungit JetPunkissa - Statistics

Yleistilastot
  • Tätä visaa on pelattu 1 606 kertaa
  • Keskiarvotulos 17 / 21
Vastaustilastot
% Valtio Pääkaupunki % Oikein
96 Suomi Helsinki
98%
93 Ruotsi Tukholma
97%
92 Norja Oslo
95%
90 Ranska Pariisi
94%
89 Yhdistynyt kuningaskunta Lontoo
92%
89 Venäjä Moskova
92%
90 Viro Tallinna
91%
87 Saksa Berliini
90%
88 Espanja Madrid
89%
90 Italia Rooma
89%
83 Yhdysvallat Washington DC
88%
86 Tanska Kööpenhamina
82%
79 Japani Tokio
82%
84 Latvia Riika
77%
88 Islanti Reykjavik
76%
83 Kreikka Ateena
75%
81 Alankomaat Amsterdam
67%
79 Irlanti Dublin
64%
79 Itävalta Wien
59%
80 Vatikaanivaltio Vatikaani
31%
78 Monaco Monaco
28%
Ehtoja vastaavia visoja ei löytynyt
Tulosjakauma
Jokaisen tuloksen saaneiden osuus
Persentiili vastausten määrän mukaan
Tuloshistoriasi
Et ole pelannut tätä visaa